Every country WITHOUT A MAP!!! - Statistics

General Stats
  • This quiz has been taken 75 times
    59 since last reset
  • The average score is 131 of 197
Answer Stats
Answer % Correct
Afghanistan
88%
Albania
81%
Algeria
81%
Andorra
81%
Angola
78%
Austria
78%
France
78%
Germany
78%
Greece
78%
Italy
78%
United Kingdom
78%
Antigua & Barbuda
75%
Argentina
75%
Armenia
75%
Australia
75%
Belarus
75%
Belgium
75%
Brazil
75%
Bulgaria
75%
China
75%
Cyprus
75%
Democratic Republic of the Congo
75%
Denmark
75%
Finland
75%
Indonesia
75%
Bolivia
72%
Bosnia & Herzegovina
72%
Canada
72%
Côte D’Ivoire
72%
Croatia
72%
Cuba
72%
Ecuador
72%
Ghana
72%
Ireland
72%
Israel
72%
Japan
72%
Moldova
72%
Norway
72%
Poland
72%
Portugal
72%
Russia
72%
Slovakia
72%
Slovenia
72%
South Korea
72%
Spain
72%
Sweden
72%
Turkey
72%
Bahamas
69%
Bahrain
69%
Barbados
69%
Bhutan
69%
Burkina Faso
69%
Cambodia
69%
Cameroon
69%
Central African Republic
69%
Chile
69%
Costa Rica
69%
Czechia
69%
Dominica
69%
Dominican Republic
69%
Egypt
69%
Estonia
69%
Ethiopia
69%
Fiji
69%
Georgia
69%
Guatemala
69%
Guinea
69%
Haiti
69%
Hungary
69%
Iceland
69%
India
69%
Iran
69%
Jamaica
69%
Jordan
69%
Kazakhstan
69%
Kyrgyzstan
69%
Latvia
69%
Lebanon
69%
Libya
69%
Lithuania
69%
Morocco
69%
Netherlands
69%
Pakistan
69%
Palau
69%
Romania
69%
San Marino
69%
Saudi Arabia
69%
Serbia
69%
South Africa
69%
Switzerland
69%
Thailand
69%
Turkmenistan
69%
Ukraine
69%
United States
69%
Yemen
69%
Azerbaijan
66%
Belize
66%
Benin
66%
Cape Verde
66%
Colombia
66%
East Timor
66%
El Salvador
66%
Equatorial Guinea
66%
Eswatini
66%
Gambia
66%
Guinea Bissau
66%
Iraq
66%
Luxembourg
66%
Malta
66%
Mauritius
66%
Mexico
66%
Namibia
66%
Nauru
66%
New Zealand
66%
Nicaragua
66%
Niger
66%
Nigeria
66%
North Korea
66%
Oman
66%
Panama
66%
Qatar
66%
Rwanda
66%
Solomon Islands
66%
Somalia
66%
Sri Lanka
66%
Syria
66%
Tajikistan
66%
Tuvalu
66%
Uzbekistan
66%
Vatican City
66%
Venezuela
66%
Vietnam
66%
Zambia
66%
Zimbabwe
66%
Brunei
63%
Chad
63%
Comoros
63%
Eritrea
63%
Gabon
63%
Grenada
63%
Guyana
63%
Honduras
63%
Kuwait
63%
Laos
63%
Liechtenstein
63%
Malaysia
63%
Mali
63%
Marshall Islands
63%
Mauritania
63%
Monaco
63%
Mongolia
63%
Montenegro
63%
Myanmar
63%
Paraguay
63%
Peru
63%
Philippines
63%
Saint Kitts & Nevis
63%
Saint Lucia
63%
Saint Vincent & the Grenadines
63%
Samoa
63%
Seychelles
63%
South Sudan
63%
Togo
63%
Tunisia
63%
Uganda
63%
United Arab Emirates
63%
Uruguay
63%
Vanuatu
63%
Bangladesh
59%
Botswana
59%
Djibouti
59%
Kenya
59%
Lesotho
59%
Maldives
59%
Micronesia
59%
Mozambique
59%
Nepal
59%
North Macedonia
59%
Papua New Guinea
59%
São Tomé & Príncipe
59%
Senegal
59%
Sudan
59%
Suriname
59%
Tonga
59%
Burundi
56%
Kosovo
56%
Liberia
56%
Singapore
56%
Taiwan
56%
Tanzania
56%
Trinidad & Tobago
56%
Madagascar
53%
Sierra Leone
53%
Kiribati
50%
Malawi
50%
Palestine
47%
Republic of Congo
19%
No matching quizzes found
Score Distribution
Percent of People with Each Score
Percentile by Number Answered
Your Score History
You have not taken this quiz since the last reset